000 01060nab a22002057a 4500
999 _c5816
_d5816
003 OSt
005 20260106234248.0
008 190514b xxu||||| |||| 00| 0 spa d
040 _cPJ
100 _96725
_aGraciadio, Ricardo Nadir
245 1 0 _aSalud mental y sistema de salud. Prestaciones médicas y amparos /
_cRicardo Nadir Graciadio.
300 _ap. 109-113
505 _aSumario: I. Introducción.— II. Ley nacional 26.657 de Salud Mental.— III. Cómo interpretar la Ley de Salud Mental.— IV. Utilización del recurso de amparo frente a problemáticas de la salud mental.— V. La defensa de la persona en virtud del principio pro homine en favor de las personas con enfermedades mentales.— VI. Conclusiones.
505 _tSi te interesa el texto, comunicate a koha@justierradelfuego.gov.ar
650 0 _91272
_aSALUD MENTAL
650 0 _91253
_aDERECHO A LA SALUD
650 0 _91223
_aACCION DE AMPARO
773 0 _02844
_93222
_dBuenos Aires : AbeledoPerrot, 1989-
_tDerecho de familia. N° 117 - Noviembre 2024
_z18511201
942 _2udc
_cANA